书目信息 |
| 题名: |
果敢决断
|
|
| 作者: | 吉伦 著 ;李士林 译 | |
| 分册: | ||
| 出版信息: | 上海 上海人民出版社 2006.07 |
|
| 页数: | 78页 | |
| 开本: | 20cm | |
| 丛书名: | 领导力译丛 | |
| 单 册: | ||
| 中图分类: | F272.91 | |
| 科图分类: | ||
| 主题词: | 企业领导学--qi ye ling dao xue | |
| 电子资源: | ||
| ISBN: | 7-208-06314-1 | |
| 000 | 01021nam 2200289 450 | |
| 001 | 012007922920 | |
| 005 | 20071010153031.87 | |
| 010 | @a7-208-06314-1@dCNY11.00 | |
| 100 | @a20070731d2006 km y0chiy0120 ea | |
| 101 | 1 | @achi@ceng |
| 102 | @aCN@b310000 | |
| 105 | @ay z 000yy | |
| 200 | 1 | @a果敢决断@Aguo gan jue duan@d= Assertiveness@f(英) 特里·吉伦著@F(ying)te li·ji lun zhu@g李士林译@Gli shi lin yi@zeng |
| 210 | @a上海@c上海人民出版社@d2006.07 | |
| 215 | @a78页@d20cm | |
| 225 | 2 | @a领导力译丛@Aling dao li yi cong |
| 305 | @a据原书1995年第1版译出。 | |
| 306 | @a英国人事与发展特许研究所授权出版。 | |
| 330 | @a本书主要内容包括:了解你为何那处事,你的行为何时会适得其反,学会如何采取措施;更好地了解他人;控制你的情绪。 | |
| 410 | 0 | @12001 @a领导力译丛 |
| 500 | 10 | @aAssertiveness@mChinese |
| 606 | 0 | @a企业领导学@Aqi ye ling dao xue |
| 690 | @aF272.91@v4 | |
| 701 | 1 | @a吉伦@Aji lun@gGillen, Terry)@4著 |
| 702 | 0 | @a李士林@Ali shi lin@4译 |
| 801 | 0 | @aCN@c20071010 |
| 905 | @dF272.91@eJ064 | |
| 果敢决断= Assertiveness/(英) 特里·吉伦著/李士林译.-上海:上海人民出版社,2006.07 |
| 78页;20cm.-(领导力译丛) |
| ISBN 7-208-06314-1:CNY11.00 |
| 本书主要内容包括:了解你为何那处事,你的行为何时会适得其反,学会如何采取措施;更好地了解他人;控制你的情绪。 |
| ● |
| 相关链接 |
|
|
|
正题名:果敢决断
索取号:F272.91/J064
 
预约/预借
| 序号 | 登录号 | 条形码 | 馆藏地/架位号 | 状态 | 备注 |
| 1 | 252681 | 202526819 | 社科库409/409社科库 89排1列4层/ [索取号:F272.91/J064] | 在馆 | |
| 2 | 252682 | 202526828 | 社科库409/409社科库 89排1列4层/ [索取号:F272.91/J064] | 在馆 | |
| 3 | 252683 | 202526837 | 社科库409/409社科库 89排1列4层/ [索取号:F272.91/J064] | 在馆 |